Dictionnaire d'histoire et de géographie ecclésiastiques
Na minha lista:
| Main Authors: | , , |
|---|---|
| Formato: | Livro |
| Idioma: | francês |
| Publicado em: |
París
Letouzey et Ané
1930
|
| Assuntos: | |
| Tags: |
Adicionar Tag
Sem tags, seja o primeiro a adicionar uma tag!
|
MARC
| LEADER | 00000nam a2200000 a 4500 | ||
|---|---|---|---|
| 001 | UCK3754 | ||
| 003 | CL-VaPUC | ||
| 008 | 050506e19300000FR |||||||||||||||||fre|d | ||
| 082 | 0 | 4 | |a 270.03 |b BAU |2 21 |
| 100 | 0 | |a Baudrillart, Alfred |e author |9 492069 | |
| 700 | 0 | |a Meyer, A. de |e author |9 492070 | |
| 700 | 0 | |a Cauwenbergh, Ét. Van |e author |9 492071 | |
| 245 | 1 | 0 | |a Dictionnaire d'histoire et de géographie ecclésiastiques |
| 300 | |a v | ||
| 942 | |c BK | ||
| 945 | |d 20050506 00:00:00 |a jcarroza | ||
| 260 | |a París |b Letouzey et Ané |c 1930 | ||
| 650 | 7 | |a HISTORIA ECLESIASTICA |2 CL-VaPUC |9 492072 | |
| 650 | 0 | |a Diccionarios |9 256200 | |
| 650 | 0 | |a Historia y geografía |9 442612 | |
| 650 | 0 | |a Iglesia |9 255004 | |
| 583 | |a last modification |c 20050506 00:00:00 |k Rodrigo Vera | ||
| 999 | |c 312848 |d 312846 | ||
| 952 | |0 0 |1 0 |4 0 |6 270_030000000000000_BAU_1930 |7 0 |8 X |9 383690 |a BIBTEO |b BIBTEO |d 2019-11-22 |h v.4 |i 4111923 |o 270.03 BAU 1930 |p 4111923 |r 2025-01-17 |w 2019-11-22 |y BK_X |k ICR | ||